[Event "Ordzhonikidze zt 1.9"]
[Site "Ordzhonikidze"]
[Date "2000.06.16"]
[Round "8"]
[White "Shneider, Aleksandr"]
[Black "Vysochin, Spartak"]
[Result "0-1"]
[WhiteElo "2551"]
[BlackElo "2494"]
[Annotator "Huebner,R"]
[PlyCount "88"]
[EventDate "2000.06.09"]
[EventType "swiss"]
[EventRounds "9"]
[EventCountry "UKR"]
[SourceTitle "CBM 078"]
[Source "ChessBase"]
[SourceDate "2000.10.18"]
[SourceVersion "1"]
[SourceVersionDate "2000.10.18"]
[SourceQuality "1"]

1. d4 {Wells} d5 2. c4 c6 3. Nc3 Nf6 4. e3 a6 5. Bd3 b5 6. b3 Bg4 7. Nge2 Bh5
8. e4 {Dies ist ein neuer Versuch. Besonders beeindruckend sieht er nicht aus.}
b4 9. e5 bxc3 10. exf6 gxf6 11. Qc2 e5 {Dies gefällt mir strukturell gesehen
nicht. Zu einer soliden Stellung führt die Fortsetzung} (11... e6 12. Qxc3 Nd7
$11) ({Interessant ist das gierige} 11... dxc4 12. Bxc4 Bxe2 13. Qxe2 Qxd4 14.
O-O Qe5) 12. Qxc3 Bd6 13. O-O $5 {'!' Wells.} ({Die Folge} 13. cxd5 cxd5 14.
Ng3 Bg6 15. Nf5 {führte zu bequemem Spiel für Weiß.}) (13. Ng3 exd4 (13... Bg6)
14. Qc2 (14. Qxd4 {Wells} Qe7+ 15. Qe3 {also looks worth an edge. White wants
more. There are great spoils to be had from provoking ...e4.}) 14... Bg6 15.
O-O {war ebenfalls nicht schlecht. Mit dem Textzug leitet Weiß ein
interessantes Figurenopfer ein.}) 13... e4 {Wells: 'Positionally horrible, but
it is the critical test of white's idea.'} (13... dxc4 {Wells} 14. Bxc4 Bxe2
15. Bxe2 exd4 16. Qh3 $1 $40) 14. Nf4 (14. Re1 O-O 15. Bc2 Bxe2 16. Rxe2 f5 {
führt zu einer ausgeglichenen Stellung.}) 14... Bxf4 (14... Bg6 {Wells} 15. Be2
) 15. Bxf4 exd3 16. Rfe1+ {Wells: 'How to summarise? Well, although a piece
sacrifice per se, it is particularly relevant to our theme because there was a
key exchange in the middle. White has really given two pieces in return for a
key defender! The sac has opened lines, left black with a dreary bishop on h5,
a terrible structure, and no pieces which are placed to offer serious
assistance to his king.'} Kd7 $2 ({Nötig war} 16... Kf8 {. Nach} 17. Bh6+ Kg8
18. Qxd3 Nd7 (18... Bg6 {Wells} 19. Qf3 Nd7 20. h4 $1 dxc4 (20... f5 21. h5 Qh4
22. cxd5 $16) 21. bxc4 c5 22. Rad1 $16 {[%csl Yd1,Ye1]}) 19. Qg3+ Bg6 20. cxd5
cxd5 21. h4 f5 22. h5 Nf6 {entsteht eine ungefähr ausgeglichene Stellung.}) 17.
Qxd3 $2 (17. Qb4 Kc8 18. Re7 Nd7 19. Qd6 Ne5 20. Qc5 {erzwang sofortigen Sieg.}
Re8 21. Bxe5 Rxe7 22. Qxc6+ {usw.}) 17... Bg4 ({Die Folge} 17... Bg6 18. Qh3+
f5 19. cxd5 {überläßt dem Weißen entscheidenden Angriff, denn} cxd5 20. Qf3 $18
{ist sofort fatal für Schwarz.}) 18. cxd5 cxd5 19. Rac1 Be6 (19... Nc6 20. Rc5
Be6 {kommt auf dasselbe hinaus wie die Partiefortsetzung.}) 20. Rc5 Ra7 $2 ({
Richtig ist} 20... Nc6 {mit unklarer Lage.}) 21. Qf3 $18 Qb6 ({Keine Rettung
verheißt die Fortsetzung} 21... Ke8 22. Bxb8 Qxb8 23. Qxf6 Rf8 24. Rxe6+ fxe6
25. Qxe6+ Re7 26. Rc8+ Qxc8 27. Qxc8+ Kf7 28. Qf5+ {, und Weiß gewinnt.}) 22.
Rxd5+ {'!' Wells.} Ke8 23. Rd6 $2 (23. Bxb8 Qxb8 24. Qxf6 Rf8 25. Rde5 {
führte zu einem einfachen Sieg.}) 23... Qb4 24. Qe3 (24. Rc1 {gewinnt; Schwarz
ist hilflos gegen die Drohung d4-d5.} Rc7 (24... Rd7 25. Rxd7 Kxd7 (25... Nxd7
26. Qa8+) 26. d5) 25. Rxe6+ $18 {Aber auch der Textzug ist gut.}) 24... Rd7 25.
a3 {Keinen Gewinn kann Weiß mit der Fortsetzung} (25. Rxe6+ fxe6 26. Bxb8 Re7 (
26... Qxb8 27. Qxe6+ Kd8 28. Qxf6+ Kc7 29. Rc1+ Kb7 30. Qc6+ $18) 27. Bg3 {
erzwingen; auch wenn er einigen Vorteil behält. Der Textzug ist stärker.})
25... Qxd6 26. Bxd6 Rxd6 {Wells: 'A shame. It looks right in principle to
stick with piece play, rather than bringing in the pawns. '} 27. f4 $4 {
Danach kommt Weiß schon in Verlustgefahr.} ({Zum Sieg führt} 27. Qf3 Kf8 (27...
Ke7 28. d5 $18) (27... Nd7 28. Qa8+ $18) (27... Nc6 28. d5 Ne5 29. Qxf6 $18)
28. Qxf6 Rg8 29. Qe5 Rd8 30. d5 Rxd5 (30... Bxd5 31. Qe7+ Kg7 32. Qg5+ $18) 31.
Qxb8+ $18) (27. Qf3 $1 $16 {Wells would have been strong.}) 27... Rd5 28. Qe4
Kf8 29. g4 $2 {Danach gewinnt Schwarz mühelos. Weiß muß stehenbleiben:} (29.
Rc1 {usw.}) 29... Rg8 30. h3 f5 31. Qe3 fxg4 32. hxg4 Rxg4+ 33. Kf2 Nc6 34. Qc3
Nxd4 35. Qb4+ Kg7 36. Rg1 Rxg1 37. Kxg1 h5 38. Qe7 h4 39. Kf2 h3 40. b4 h2 41.
Qh4 Nf5 42. Qg5+ Kf8 43. Qh5 Rd2+ 44. Ke1 Rg2 0-1

[Event "Queens-Kings"]
[Site "Jinan"]
[Date "2002.07.21"]
[Round "2"]
[White "Seirawan, Yasser"]
[Black "Zhu, Chen"]
[Result "1-0"]
[WhiteElo "2618"]
[BlackElo "2505"]
[Annotator "Huebner,R"]
[PlyCount "79"]
[EventDate "2002.07.21"]
[EventType "schev"]
[EventRounds "4"]
[EventCountry "CHN"]
[SourceTitle "CBM 091"]
[Source "ChessBase"]
[SourceDate "2002.11.12"]
[SourceVersion "1"]
[SourceVersionDate "2002.11.12"]
[SourceQuality "1"]

1. d4 d5 2. c4 c6 3. Nc3 Nf6 4. e3 a6 5. a4 Bf5 6. Qb3 Ra7 7. a5 e6 $2 {
Dies führt meines Erachtens zu einer strategisch verlorenen Stellung. Nötig ist
} (7... dxc4 8. Bxc4 e6 {usw.}) 8. Qb6 Qxb6 9. axb6 Ra8 10. c5 Nbd7 11. b4 Rb8
12. Nf3 {Schwarz kann nicht verhindern, daß der Königsspringer des Weißen nach
a5 wandert; und dies scheint mir für Schwarz tödlich zu sein.} Ne4 13. Nxe4
Bxe4 14. Nd2 Bg6 15. Nb3 Kd8 (15... Be7 16. Na5 e5 17. Bb2 {verschaft dem
Schwarzen keine Erleichterung.}) 16. Na5 Kc8 17. Nxb7 Rxb7 18. Bxa6 $18 {
Ein leichter Sieg für Weiß.} Nxb6 19. cxb6 Bxb4+ 20. Bd2 Bxd2+ 21. Kxd2 Kb8 22.
Bxb7 Kxb7 23. Ra7+ Kxb6 24. Rha1 Rb8 25. Kc3 Rb7 26. Rxb7+ Kxb7 27. Kb4 Kb6 28.
Ra8 Be4 29. f3 Bd3 30. Rg8 g6 31. Rg7 h5 32. Rxf7 Bf1 33. g3 g5 34. Rf6 Bg2 35.
Rxe6 Bxf3 36. Re5 g4 37. Rxh5 Bg2 38. Rg5 Bf3 39. Rg6 Bd1 40. Rh6 1-0

[Event "Olympiad-33"]
[Site "Elista"]
[Date "1998.10.01"]
[Round "3.1"]
[White "Azmaiparashvili, Zurab"]
[Black "Kasimdzhanov, Rustam"]
[Result "1-0"]
[WhiteElo "2655"]
[BlackElo "2570"]
[Annotator "Huebner,R"]
[PlyCount "53"]
[EventDate "1998.09.29"]
[EventType "team-swiss"]
[EventRounds "13"]
[EventCountry "RUS"]
[SourceTitle "CBM 068"]
[Source "ChessBase"]
[SourceDate "1999.02.01"]
[SourceVersion "1"]
[SourceVersionDate "1999.02.01"]
[SourceQuality "1"]
[WhiteTeam "Georgia"]
[BlackTeam "Uzbekistan"]
[WhiteTeamCountry "GEO"]
[BlackTeamCountry "UZB"]

1. d4 {Baburin} d5 2. c4 c6 3. Nc3 Nf6 4. cxd5 cxd5 5. Bf4 Nc6 6. e3 a6 7. Be2
{Baburin: 'This is a pet line of Azmaipparashvili. White plans to develop his
knight to f3 only after the move ...e6, which will lock up Black's
dark-squared bishop.'} Ne4 (7... Bf5 8. g4 Bg6 9. Qb3 e6 10. Qxb7 Na5 11. Qc7
Qxc7 12. Bxc7 Bb4 {geschah in den Partien Azmaiparashvili -Akopian, Wijk aan
Zee 1993 und Azmaiprashvili-Morovic, Las Palmas 1993. Schwarz hat einige
Kompensation für den geopferten Bauern, aber es ist doch fraglich, ob sie nach}
13. f3 Nc4 14. Bxc4 dxc4 15. Nge2 Nd5 16. Bf4 {zum Ausgleich genügt.}) ({
Black can also play} 7... e6 {(Baburin) here. For example, after} 8. Rc1 Be7 9.
Nf3 O-O 10. Ne5 Bd7 11. O-O Nxe5 12. Bxe5 Qa5 13. Bd3 Rfc8 14. Qf3 Qd8 {
he obtained quite solid position in the game Azmaiparashvili-Dorfman, Cap
d'Agde 1998.}) 8. Nf3 {Dies ist ein neuer Versuch, der plausibel und solide
aussieht. Zuvor hatte Azmaiparashvili in dieser Stellung 8.Se4: gespielt: '!?'
Baburin.} (8. Nxe4 dxe4 9. f3 {Baburin: 'but after a further'} e5 $1 (9... exf3
$2 10. Nxf3 $16) 10. dxe5 Qa5+ (10... Be6 $5 11. Qxd8+ Rxd8 12. a3) 11. Kf2 Be6
$1 12. Qc2 $1 (12. fxe4 Rd8 13. Qc1 h6 $1 $17) 12... Rd8 $1 13. Qxe4 Rd2 $44 {
Baburin: 'Black obtained good compensation in the game Azmaiparashvili-Anand,
Las Palmas 1993.'} 14. Nh3 Bd5 $6 (14... Qb5 $1 15. Rhe1 Bc4 $1 16. a4 Qb3 17.
Rad1 Bd3 18. Qxc6+ bxc6 19. Rxd2 Bxe2 20. Rdxe2 $15) 15. Qf5 Be6 16. Qe4 Bd5
17. Qf5 Be6 {1/2-1/2 Azmaiparashvili,Z-Anand,V/Las Palmas 1993}) 8... Nxc3 9.
bxc3 g6 $6 {Der Königsläufer des Schwarzen steht auf g7 nicht wirkungsvoll.
Solider scheint mir die Fortsetzung} (9... e6 10. O-O Bd6 (10... Be7 $5 {
und der Vorteil des Weißen ist nur gering.})) 10. Ne5 {'!' Baburin.} Bg7 {
Dieser Zug überläßt dem Weißen die absolute Herrschaft über die b-Linie, aber
auch nach} (10... Nxe5 11. Bxe5 f6 12. Bg3 {Baburin: 'White is better, as the
advance of the c3-pawn is hard to stop.'} Bg7 13. O-O O-O 14. c4 {ist die
Stellung des Schwarzen alles andere als bequem.}) 11. Nxc6 bxc6 12. Qa4 {
'!' Baburin. Baburin: 'The pawn structure is nearly symmetrical, so it's
important for White to use his slight lead in development and to put the
opponent onto defensive. Here a natural plan for White is to seize control
over the only open file. The strategic placement of his bishop on f4 makes
this plan easier to implement.'} Bd7 13. Rb1 O-O (13... c5 14. Qa3 cxd4 (14...
c4 15. Bf3 Bc6 16. Qc5 {überläßt dem Weißen starken Druck.}) 15. cxd4 Bb5 16.
Bc7 Qc8 {kam auch in Betracht.}) 14. Rb7 {'!' Baburin.} Bc8 15. Rb2 Bd7 16. O-O
f6 $2 (16... c5 {war nun unbedingt nötig. Der Textzug verschleudert nicht nur
ein Tempo (denn die b-Linie kann dem Weißen doch nicht mehr streitig gemacht
werden), sondern schwächt auch die Diagonale b3-g8 unheilvoll.}) 17. Bg3 e5 {
Baburin: 'This move is practically forced, as otherwise after Rfb1 White's
would invade to b8. However, the text makes Black's position in the centre
rather unstable.'} (17... c5 18. Qb3 c4 19. Qb7 Bf5 20. f3 e5 21. e4 Be6 22.
dxe5 fxe5 {kam auch hier noch in Betracht,obwohl der Vorteil des Weißen außer
Zweifel steht.}) 18. Rb7 Rf7 ({Die Fortsetzung} 18... Bc8 19. Rxg7+ Kxg7 20.
Qxc6 {Baburin: 'followed by 21 dxe5.'} Rb8 21. dxe5 {läßt den Schwarzen
zwischen den Trümmern einer positionellen Ruine sitzen.}) 19. Rfb1 c5 {Mit
großer Verspätung entschließt sich Schwarz doch noch zur Durchführung dieses
Vorstoßes, nachdem alle anderen Möglichkeiten erschöpft sind.} 20. Qd1 Bc6 $2 (
20... cxd4 21. cxd4 Be8 {war eher geeignet, die Aufgabe des Weißen zu
erschweren, denn} 22. R7b6 Bb5 {ist jetzt nicht ratsam für den Anziehenden.})
21. R7b6 {Baburin: 'Without making obvious mistakes Black has got into serious
trouble, as the pressure of White's rooks is very unpleasant. Meanwhile,
Black's rooks are idle.'} Qc7 {Schwarz kann sein wackliges Zentrumsgebäude
nicht instand halten. Nach} (21... Bb5 22. dxc5 Bxe2 23. Qxe2 Qc8 24. c6 Rc7
25. Qd1 Qe6 26. e4 dxe4 (26... Rd8 27. Rb8 Rcc8 28. c7 {ist nicht besser für
Schwarz.}) 27. Rb8+ Rc8 28. c7 {gewinnt der c-Bauer des Weißen entscheidende
Kraft.}) 22. dxe5 ({It was also possible to take a pawn -} 22. Bxa6 {Baburin
but White decided to strike in the centre instead.}) 22... fxe5 23. e4 {
'!' Baburin.} d4 (23... Rd8 {war zäher, doch ist die Stellung des Schwarzen
nach} 24. exd5 Bxd5 25. Qa4 {nicht zu retten.}) 24. Bc4 Bxe4 25. Bxf7+ Kxf7 26.
cxd4 Bxb1 (26... cxd4 27. Qb3+ Kf8 28. Re1 $18) 27. Qf3+ 1-0

[Event "Capablanca Memorial Elite 33rd"]
[Site "Havana"]
[Date "1998.05.22"]
[Round "11"]
[White "Vera Gonzalez Quevedo, Reynaldo"]
[Black "Borges Matos, Juan R"]
[Result "1-0"]
[WhiteElo "2535"]
[BlackElo "2480"]
[Annotator "Huebner,R"]
[PlyCount "111"]
[EventDate "1998.05.07"]
[EventType "tourn"]
[EventRounds "11"]
[EventCountry "CUB"]
[EventCategory "12"]
[SourceTitle "CBM 065"]
[Source "ChessBase"]
[SourceDate "1998.08.06"]
[SourceVersion "1"]
[SourceVersionDate "1998.08.06"]
[SourceQuality "1"]

1. d4 {Hecht} d5 2. c4 c6 3. Nc3 Nf6 4. cxd5 cxd5 5. Bf4 Nc6 6. e3 a6 7. Bd3
Bg4 8. Nge2 e6 9. O-O Bd6 10. f3 Bh5 11. Rc1 Bg6 12. Bxd6 Qxd6 13. Nf4 O-O 14.
Nxg6 hxg6 15. f4 Rfc8 16. g4 b5 17. g5 Nd7 18. h4 Kf8 19. Kg2 Ke7 20. a4 bxa4
21. Nxa4 Qb4 22. Rf2 Nd8 23. Nc3 Nb7 24. e4 dxe4 25. Bxe4 Rab8 26. h5 Nd6 27.
Bb1 gxh5 28. Qxh5 Qb7+ 29. d5 Nb6 30. Ba2 Nf5 31. Qe2 Rh8 32. Re1 Rbd8 33. Qe5
Nh4+ $4 (33... Kf8 {bringt den Schwarzen in Vorteil. Nach} 34. Kg1 Ne7 (34...
Rh1+ 35. Kxh1 Nd7 {gewinnt die Dame, führt aber nach} 36. Qxf5 exf5 37. Rh2 Kg8
38. Re3 {zu einer unklaren Stellung.}) 35. Rd2 Nbxd5 {hat Weiß den d-Bauern
eingebüßt; auch andere Züge als 34.Kg1 überzeugen nicht.}) 34. Kg1 {Jetzt sind
die Bauern g7 und e6 angegriffen; Weiß gewinnt.} Kf8 35. dxe6 Ng6 36. Qc5+ (36.
Qe4 $18) 36... Ne7 37. Rh2 Rxh2 38. Kxh2 Rd2+ 39. Re2 Rxe2+ 40. Nxe2 Na4 41.
Qd6 Qb6 42. Qxb6 Nxb6 43. exf7 g6 44. Nd4 Nbd5 45. Bxd5 Nxd5 46. Kg3 Kxf7 {
[#] Hecht White's extra pawn in conjunction with his much better king position
and the pawn weakness on g6 is of decisive effect.  A little tactical joke
expedites Black's downfall. [#] Hecht Der weiße Mehrbauer in Verbindung mit
der weitaus besseren Königsstellung und der Bauernschwäche g6 wirkt
entscheidend. Ein kleiner taktischer Witz beschleunigt den scharzen Untergang.}
47. Kf3 Nb4 48. Ke4 a5 49. Nb3 Nc6 50. Nc5 Ke7 51. Nd3 Ke6 (51... Kd6 {Hecht}
52. Ne5 Ne7 53. Nc4+ Kc5 54. Nxa5 Kb4 55. Nb7 Kb3 56. Ke5 Kxb2 57. Ke6 $18 (57.
Kf6 Nd5+)) 52. Ne5 Ne7 53. Nxg6 Nxg6 54. f5+ Kf7 55. fxg6+ Kxg6 56. Kd5 1-0

[Event "ESP-ch sf1"]
[Site "Ayamonte"]
[Date "2002.10.09"]
[Round "1"]
[White "Herraiz Hidalgo, Herminio"]
[Black "Shirov, Alexei"]
[Result "0-1"]
[WhiteElo "2458"]
[BlackElo "2699"]
[Annotator "Huebner,R"]
[PlyCount "39"]
[EventDate "2002.10.09"]
[EventType "match"]
[EventRounds "2"]
[EventCountry "ESP"]
[SourceTitle "CBM 092"]
[Source "ChessBase"]
[SourceDate "2003.02.06"]
[SourceVersion "1"]
[SourceVersionDate "2003.02.06"]
[SourceQuality "1"]

1. d4 d5 2. c4 c6 3. cxd5 cxd5 4. Nc3 Nf6 5. Bf4 Nc6 6. e3 Bg4 7. f3 Bd7 8. Bd3
e6 9. Bg5 h6 10. Bh4 (10. Bxf6 Qxf6 11. f4 Bd6 12. Nf3 g5 13. g3 gxf4 14. gxf4
Rg8 15. Qe2 Nb4 16. Bb1 Rc8 17. Rf1 a6 18. a3 Nc6 19. f5 Na5 20. e4 Bf4 21.
fxe6 fxe6 22. exd5 $2 (22. Ba2 $13) 22... Nb3 23. dxe6 Qxe6 24. Ba2 Qxe2+ 25.
Nxe2 Nxa1 26. Bxg8 Nc2+ 27. Kf2 Be3+ 28. Kg3 Bb5 29. Rf2 Rc7 {0-1 Gerber,
R-Khenkin,I/Geneve 1997/EXT 98 (29).}) 10... Be7 11. f4 Qb6 12. Rb1 g5 13. fxg5
Ne4 14. Qh5 (14. Bxe4 hxg5 (14... dxe4 15. Qh5 Qa5 16. Nge2 {muß Weiß sicher
nicht fürchten.}) 15. Bxd5 {kommt in Betracht.}) 14... Nxg5 15. Bg3 $2 {
Es kann nicht verkehrt sein, etwas für die Entwicklung zu tun, zum Beispiel} (
15. Nge2 Nb4 16. Nf4 {Auf} e5 {folgt} 17. Nfxd5 Nxd3+ 18. Kd2 {, und die Lage
ist äußerst unklar.}) (15. a3 {sieht am solidesten aus.}) (15. Nh3 Nxh3 16.
Bxe7 Nf4 17. exf4 Qxd4 {ist hinwiederum ungünstig für Weiß.}) 15... Nb4 16. Be2
(16. Qd1 {Nicht besser ist} Nxd3+ 17. Qxd3 Bb4 18. Nge2 (18. a3 Bb5 19. Qc2
Bxc3+ 20. Qxc3 Ne4 $19) 18... Bb5 19. Qc2 Ne4 20. O-O Bxc3 21. bxc3 Qa6 {
, und Schwarz gewinnt.}) 16... Rc8 17. Nh3 $6 ({Zäher ist} 17. Rc1 {, obwohl
Schwarz nach der mutigen Fortsetzung} Ne4 18. Nf3 Nxc3 19. Rxc3 Rxc3 20. bxc3
Nxa2 21. O-O Nxc3 22. Bd3 Bb5 23. Ne5 Bxd3 24. Rxf7 Kd8 25. Nxd3 Qb1+ 26. Ne1
Qe4 {auf Gewinn steht.}) (17. Nf3 Nc2+ 18. Kf2 Rxc3 19. Nxg5 Rxe3 20. Qxf7+ Kd8
{ist für Weiß ebenso unerfreulich wie die Partiefortsetzung.}) 17... Nc2+ 18.
Kd2 (18. Kf2 Rxc3 19. Nxg5 (19. bxc3 Ne4+ 20. Kf3 Nd2+ $19) 19... Rxe3 20.
Qxf7+ Kd8 {, und Schwarz gewinnt, siehe die Anmerkung zum vorigen Zuge.}) 18...
Ne4+ 19. Kxc2 Ba4+ 20. Kc1 0-1

[Event "FIDE-Wch k.o."]
[Site "Las Vegas"]
[Date "1999.08.03"]
[Round "2.1"]
[White "Krasenkow, Michal"]
[Black "Miles, Anthony John"]
[Result "0-1"]
[WhiteElo "2647"]
[BlackElo "2588"]
[Annotator "Huebner,R"]
[PlyCount "90"]
[EventDate "1999.07.31"]
[EventType "k.o."]
[EventRounds "7"]
[EventCountry "USA"]
[SourceTitle "CBM 072"]
[Source "ChessBase"]
[SourceDate "1999.10.01"]
[SourceVersion "1"]
[SourceVersionDate "1999.10.01"]
[SourceQuality "1"]

1. d4 d5 2. c4 c6 3. Nc3 Nf6 4. e3 a6 5. Qc2 Bg4 6. h3 Bh5 7. Qb3 Ra7 8. cxd5 {
Gespielt wurde in dieser Stellung} (8. Nge2 Bxe2 9. Bxe2 e6 10. a4 Bd6 11. a5
Nbd7 12. Bd2 O-O 13. O-O Bc7 14. Rfd1 $14 {1-0 Sadler,M-Hodgson,J/Isle of Man
1995/EXT 97 (42)}) 8... cxd5 9. g4 Bg6 10. g5 Ne4 11. Qxd5 Qxd5 12. Nxd5 Nxg5 {
Die Idee des Weißen kann nur dann etwas taugen, wenn er aus der augenblicklich
ungünstigen Stellung des Springers auf g5 Kapital schlagen kann.
Wahrscheinlich geht dies nicht: Weiß ist ungenügend entwickelt.} 13. Nc3 {
Auch mit anderen Zügen kann Weiß nicht mehr erreichen, zum Beispiel} (13. Bg2
Be4 14. Bxe4 Nxe4 {, und Schwarz hat keinerlei Schwiewrigkeiten; oder}) (13. f3
Ne4 14. Rh2 Ng3 {, und wenn Weiß den Abtausch seines weißfeldrigen Läufers
vermeiden will, muß er dem Schwarzen viele Entwicklungstempi schenken:} 15. Bc4
b5 16. Bb3 e6 17. Nf4 Bd6 {mit befriedigendem Spiel für Schwarz.}) 13... Nc6 ({
Die Fortsetzung} 13... Ne4 14. Bg2 Nxc3 15. bxc3 e6 {führt ebenfalls zu einer
befriedigenden Stellung für Schwarz.}) 14. h4 {Nach} (14. Bg2 Nb4 {oder}) (14.
Bd2 Ne4 {hat Schwarz keine Schwierigkeiten.}) 14... Ne4 15. h5 Bf5 16. Bg2 Nxc3
17. bxc3 e5 18. Ne2 Bd6 $6 (18... Bd3 {sieht besser aus.}) 19. e4 Bd7 20. f4 f6
{Verständlicherweise möchte Schwarz den Halt im Zentrum nicht aufgeben. Nach} (
20... exd4 21. cxd4 Bg4 22. Be3 Nb4 23. Kd2 {kommt er in Schwierigkeiten.}) 21.
Be3 Ra8 22. dxe5 $6 (22. Rd1 $5 {sieht verständiger aus.}) 22... fxe5 23. f5 h6
24. Rd1 Be7 25. Rd5 $6 {Dies ist kein nützlicher Zug.} (25. Bb6 {sieht
plausibler aus, desgleichen}) (25. Kf2) 25... Bf6 26. Kf2 Ne7 27. Rd6 Bb5 28.
Rhd1 O-O {Jetzt sind die Figuren des Weißen schlecht koordiniert, und er muß
sich vor taktischen Einschlägen auf f5 in acht nehmen.} 29. Bc5 Bh4+ 30. Kf3 (
30. Ke3 {sieht sicherer aus.}) 30... Rac8 ({Mit der Fortsetzung} 30... Nxf5 31.
exf5 e4+ 32. Kg4 Bxe2+ 33. Kxh4 Bxd1 34. Rxd1 Rxf5 35. Be3 {erreicht Schwarz
keinen Vorteil.}) 31. Bb6 Kh7 32. Bf1 $2 (32. Rh1 {war nötig, um dem König
Atemluft zu verschaffen. Jetzt geht Weiß an der Schwäche des Bauern e4 und der
exponierten Stellung seines Königs zugrunde.}) 32... Bc6 $19 33. Rxc6 {Nach} (
33. Bh3 Ng8 34. Re6 Nf6 35. Rxe5 Rce8 {fällt die Stellung des Weißen
auseinander.}) 33... Rxc6 34. Ba5 Ng8 35. Rd7 b6 36. Bb4 Rd8 37. Rd5 a5 38. Ba3
Rxd5 39. exd5 Rc4 40. Bb2 Nf6 41. Nd4 Rc8 42. Ne6 e4+ 43. Kg2 Nxd5 44. Ba6 Rb8
45. Ba3 Be7 0-1